Výzkum obráběcích - chladicích kapalin radioaktivní indikací

Bibliographic Details
Main Authors: Vámos, E. (Author), Valasek, I. (Author), Jécsayová, L. (Author)
Format: Article
Language:Czech

MARC

LEADER 00000nab a2200000uu 4500
001 vtls011152464
003 SK-MaSNL
005 20260303111709.0
008 230121|1976 xo |||||||||||||||||cze|
015 |a SNBRB 
035 |a (urnnbn)urn:nbn:sk:snk:ar-a0a3n8 
035 |a (uuid)4e7c0d63-7029-48f9-8259-1033f7dd4286 
035 |a urn:nbn:sk:snk-abb1nl 
040 |a SNKBUCL  |b slo  |c SNKBUCL  |e AACR2 
041 0 |a cze 
044 |a xo  |c SK 
100 1 |a Vámos, E.  |4 aut  |9 1118709 
245 1 0 |a Výzkum obráběcích - chladicích kapalin radioaktivní indikací  |c E. Vámos, I. Valasek, L. Jécsayová 
700 1 |a Valasek, I.  |4 aut  |9 1119562 
700 1 |a Jécsayová, L.  |4 aut  |9 1124489 
773 0 |t Ropa a uhlie : technológia ropy a uhľovodíkových plynov, chemické zužitkovanie uhlia, palivá, technika mazania  |g Roč. 18, č. 3 (1976), s. 147-151 
958 |a OND 
958 |a EUIPO 
958 |a article14 
999 |c 1879080  |d 1881010